<?xml version="1.0" encoding="UTF-8"?>
<collection xmlns="http://www.loc.gov/MARC21/slim">
<record>
  <controlfield tag="001">152118</controlfield>
  <controlfield tag="005">20250331143111.0</controlfield>
  <datafield tag="037" ind1=" " ind2=" ">
    <subfield code="a">BOOK-2025-331</subfield>
  </datafield>
  <datafield tag="041" ind1=" " ind2=" ">
    <subfield code="a">spa</subfield>
  </datafield>
  <datafield tag="100" ind1=" " ind2=" ">
    <subfield code="a">Silvestre Miralles, Alicia</subfield>
  </datafield>
  <datafield tag="245" ind1=" " ind2=" ">
    <subfield code="a">Kahoot básico para la enseñanza: interacción, revisión y evaluación</subfield>
  </datafield>
  <datafield tag="260" ind1=" " ind2=" ">
    <subfield code="c">2025</subfield>
  </datafield>
  <datafield tag="300" ind1=" " ind2=" ">
    <subfield code="a">48</subfield>
  </datafield>
  <datafield tag="520" ind1=" " ind2=" ">
    <subfield code="a">En estas páginas veremos cómo usar Kahoot! en el ámbito universitario. Kahoot! es una plataforma de aprendizaje lanzada en agosto de 2013 y basada en juegos. Permite a los docentes crear cuestionarios interactivos para evaluar y fomentar el aprendizaje de sus estudiantes. Es una herramienta que puede hacer las clases universitarias más dinámicas y participativas con sus encuestas, cuestionarios y juegos educativos personalizados, que denominamos coloquialmente "kahoots".</subfield>
  </datafield>
  <datafield tag="856" ind1="0" ind2=" ">
    <subfield code="f">sorayag@unizar.es</subfield>
  </datafield>
  <datafield tag="856" ind1="4" ind2=" ">
    <subfield code="s">4357581</subfield>
    <subfield code="u">http://zaguan.unizar.es/record/152118/files/BOOK-2025-331.pdf</subfield>
    <subfield code="z">Texto completo</subfield>
  </datafield>
  <datafield tag="909" ind1="C" ind2="O">
    <subfield code="o">oai:zaguan.unizar.es:152118</subfield>
    <subfield code="p">books</subfield>
  </datafield>
  <datafield tag="980" ind1=" " ind2=" ">
    <subfield code="a">BOOK</subfield>
    <subfield code="b">DOCENTE</subfield>
  </datafield>
  <datafield tag="540" ind1=" " ind2=" ">
    <subfield code="9">info:eu-repo/semantics/openAccess</subfield>
  </datafield>
  <datafield tag="506" ind1=" " ind2=" ">
    <subfield code="a">by-nc-nd</subfield>
  </datafield>
</record>
</collection>